Score 0/36 Timer 05:00
10 Plays Today
% Correct
Hills
95.3%
Hates
94.7%
Harvey
93.7%
Her
92.5%
Hawk
92.3%
Hitchcock
91.1%
Hungry
91.1%
Hand
90.7%
Horror
90.6%
Haunted
90.5%
He
89.8%
Hussein
89.7%
Hour
84.1%
Home
82.8%
Happy
81.2%
Holland's
81.2%
Howard
80.6%
Higgins
80.6%
% Correct
History
79.8%
Handmaid's
78.1%
Harry
76%
Head
74.9%
House
74.6%
Hole
74.5%
Hall
74%
Hyde
73.4%
Human
73.2%
Hunters
69.7%
Hodgson
66.6%
Hearts
65.4%
Hulot's
62.3%
Hotel
59.7%
Hudsucker
58.3%
Heavenly
56.5%
Homesick
54%
Hideous
37.1%
Remove Ads.
Support Sporcle.
Get the best of Sporcle when you Go Orange. This ad-free experience offers more features, more stats, and more fun while also helping to support Sporcle. Thank you for becoming a member.

You're not logged in!

Compare scores with friends on all Sporcle quizzes.
OR
Log In

Show Comments

Extras

Top Quizzes Today


Score Distribution

Your Account Isn't Verified!

In order to create a playlist on Sporcle, you need to verify the email address you used during registration. Go to your Sporcle Settings to finish the process.

Report this User

Report this user for behavior that violates our Community Guidelines.

Details: